| 000 | 00573nam a22002057a 4500 | ||
|---|---|---|---|
| 003 | LK-CoMWRAF | ||
| 005 | 20231109111340.0 | ||
| 008 | 231010b1979 |||||||| |||| 00| 0 eng d | ||
| 020 | _a0465016774 | ||
| 040 |
_aLK-CoMWRAF _dLK-CoMWRAF _eLK-CoMWRAF |
||
| 041 | _aeng | ||
| 082 |
_a530.092 _bDYS |
||
| 100 | _aDyson, Freeman J. | ||
| 245 | _aDisturbing the universe | ||
| 260 |
_aNew York: _bBasic books, _c1979 |
||
| 300 |
_a xii, 283 p. ; 24 cm. _bBibliography and Index included |
||
| 650 | _aPHYSICISTS-United States--Biography. | ||
| 650 | _aPhysics | ||
| 942 | _cBK | ||
| 999 |
_c3829 _d3829 |
||